Optimal growth and Pareto optimality.
Poukaz na to, že v stacionárnej medzičasovej ekonomike, v ktorej agenti majú rekurzívne akcie, je každé Paretovo optimum riešením zovšeobecnenej McKenzieho úlohy. Pojem abstraktného stavového priestoru a zovšeobecnených technologických podmienok. Mnohé výsledky, platné pre prípad jedného agenta, mož...
Guardado en:
| Autor principal: | |
|---|---|
| Otros Autores: | |
| Formato: | Capítulo de libro |
| Lenguaje: | inglés |
| Materias: | |
| Etiquetas: |
Sin Etiquetas, Sea el primero en etiquetar este registro!
|
MARC
| LEADER | 00000naa a2200000 4500 | ||
|---|---|---|---|
| 001 | r006913 | ||
| 005 | 20221130103505.5 | ||
| 041 | 0 | |a eng | |
| 044 | |a NL | ||
| 245 | 1 | 0 | |a Optimal growth and Pareto optimality. |c R.A. Dana, C. Le Van |
| 520 | |a Poukaz na to, že v stacionárnej medzičasovej ekonomike, v ktorej agenti majú rekurzívne akcie, je každé Paretovo optimum riešením zovšeobecnenej McKenzieho úlohy. Pojem abstraktného stavového priestoru a zovšeobecnených technologických podmienok. Mnohé výsledky, platné pre prípad jedného agenta, možno zovšeobecniť. | ||
| 610 | 2 | 0 | |a metódy ekonomicko-matematické |
| 610 | 2 | 0 | |a rast hospodársky |
| 610 | 2 | 0 | |a optimum Paretovo |
| 610 | 2 | 0 | |a stabilita hospodárstva |
| 610 | 2 | 0 | |a teória rovnováhy ekonomickej |
| 100 | 1 | |a Dana, R.A. | |
| 700 | 1 | |a Le Van, C. | |